Scrambled “F” Words - Statistics

General Stats
  • This quiz has been taken 76 times
  • The average score is 18 of 25
Answer Stats
Hint Answer % Correct
tghfi Fight
97%
figlht Flight
97%
blexilfe Flexible
90%
lflwoo Follow
90%
therrfu Further
87%
remrof Former
85%
ingnfdi Finding
83%
ufrute Future
83%
lolfwe Fellow
82%
fgnlyi Flying
82%
uomafs Famous
78%
arhtfe Father
78%
lcafis Fiscal
77%
ebmalmafl Flammable
77%
tyilfaic Facility
73%
cotfra Factor
73%
fkrmaewor Framework
70%
itenf Feint
65%
faeertu Feature
60%
flraom Formal
57%
ucinftno Function
57%
nefrogi Foreign
55%
lrafuie Failure
43%
fareillw Firewall
42%
yidfelrn Friendly
42%
No matching quizzes found
Score Distribution
Percent of People with Each Score
Percentile by Number Answered
Your Score History
You have not taken this quiz